Student study guide for Biology [by] Campbell / Reece / Mitchell. 5th ed. / (Record no. 3560)

MARC details
000 -LEADER
fixed length control field 00691nam a22002172 4500
001 - CONTROL NUMBER
control field 0000012151
005 - DATE AND TIME OF LATEST TRANSACTION
control field 20151217145855.0
008 - FIXED-LENGTH DATA ELEMENTS--GENERAL INFORMATION
fixed length control field 090211s xx 000 0 eng d
020 ## - INTERNATIONAL STANDARD BOOK NUMBER
International Standard Book Number 0805365583 :
040 ## - CATALOGING SOURCE
Original cataloging agency KABU
Transcribing agency KABU
100 1# - MAIN ENTRY--PERSONAL NAME
Personal name Taylor, Martha R.
-- 0000168365
245 10 - TITLE STATEMENT
Title Student study guide for Biology [by] Campbell / Reece / Mitchell. 5th ed. /
Statement of responsibility, etc. Martha R. Taylor.
250 ## - EDITION STATEMENT
Edition statement 1st ed.
260 ## - PUBLICATION, DISTRIBUTION, ETC. (IMPRINT)
Place of publication, distribution, etc. New York :
Name of publisher, distributor, etc. Addison Wesley,
Date of publication, distribution, etc. 1999.
300 ## - PHYSICAL DESCRIPTION
Extent 522 p.
650 #0 - SUBJECT ADDED ENTRY--TOPICAL TERM
Topical term or geographic name as entry element Biology.
-- 0000003707
852 1# - LOCATION
-- p500 KES
852 1# - LOCATION
-- p500 KES
908 ## - PUT COMMAND PARAMETER (RLIN)
Put command parameter 090211
950 ## - LOCAL HOLDINGS (RLIN)
-- 1
Holdings
Withdrawn status Lost status Source of classification or shelving scheme Not for loan Home library Current library Date acquired Total Checkouts Full call number Barcode Date last seen Date last checked out Price effective from Koha item type
    Library of Congress Classification   Kabarak, Main Campus Kabarak, Main Campus 17/12/2015 1 QH308.2 .T39 1999 c. 1 16555 11/12/2019 10/12/2019 17/12/2015 General Collection
    Library of Congress Classification   Kabarak, Main Campus Kabarak, Main Campus 17/12/2015 1 QH308.2 .T39 1999 c. 2 16556 16/04/2024 06/11/2023 17/12/2015 General Collection
    Library of Congress Classification   Kabarak, Main Campus Kabarak, Main Campus 17/12/2015   QH308.2 .T39 1999 c. 3 16557 17/12/2015   17/12/2015 General Collection
Designed with assistance from East African Informatics Ltd